000 01115nam a2200253Ia 4500
003 OSt
005 20220923211647.0
006 a|||||r|||| 00| 0
007 ta
008 220922b |||||||| |||| 00| 0 hin d
024 _a41,417
037 _cTextual
040 _aARTS
_cARTS
_bhin
041 _2hin
_ahin
082 _aO15,3D60,1, M0 (EPS)-;1-;2 (EPS)
100 _aसनाढय, देवर्षि; त्रिपाठी, विश्वम्भरनाथ; द्विवेदी, दशरथ
_9161254
245 0 _aकादम्री
_b कथामुखम्
246 _aKādamrī: kathāmukham: bāṇabhaṭṭavirachita
260 _aवाराणसी
_b विश्वविधालय प्रकाशन
_c1980
300 _a256पृ.
_ccm.
650 _aहिन्दी साहित्य
_9156264
942 _hO15,3D60,1, M0 (EPS)-;1-;2 (EPS)
_cTEXL
_2CC
999 _c302319
_d302319